El bahiense que no fue : el caso satanowsky después de medio siglo /
Guardado en:
| Autor Principal: | |
|---|---|
| Formato: | Libro |
| Publicado: |
Bahía Blanca :
Instituto Superior en Ciencias de la Comunicación Social,
2006
|
| Materias: | |
| Etiquetas: |
Agregar Etiqueta
Sin Etiquetas, Sea el primero en etiquetar este registro!
|
| LEADER | 00640nam a22001815a 4500 | ||
|---|---|---|---|
| 001 | CEM.cems012137 | ||
| 005 | 20060616165745.0 | ||
| 008 | 130507s2006##################000#0#####d | ||
| 003 | CEMS | ||
| 020 | |a 987228850X | ||
| 082 | 0 | 4 | |a 070 |
| 100 | 1 | |a Appili, Daiana | |
| 245 | 1 | 0 | |a El bahiense que no fue : |b el caso satanowsky después de medio siglo / |c Daiana Appili ; mariana Pinotti ; soledad Reuque |
| 260 | |a Bahía Blanca : |b Instituto Superior en Ciencias de la Comunicación Social, |c 2006 | ||
| 300 | |a 84 p. | ||
| 653 | |a Investigación periodística | ||
| 653 | |a Satanowsky, marcos | ||
| 859 | |a CEMS |b BIB. CEMS - 11 de abril |h 070 |i Ap58 |p 23372.06 |t Ej.1 | ||
